000 00894cam a2200277 a 4500
001 1659961
003 NUST - PNEC
005 20170116181035.0
008 970228s1997 caua 001 0 eng d
010 _a 97138984
020 _a0078822793 (pbk.) :
040 _cLIBRARY
082 0 0 _a005.369 MAN
100 1 _aMansfield, Ron.
245 1 0 _aExcel 97 :
_bfor busy people /
_cRon Mansfield.
246 1 _iTitle on t.p. verso:
_aExcel 97 for busy people
260 _aBerkeley :
_bOsborne/McGraw-Hill,
_cc1997.
300 _axxxiii, 327 p. :
_bcol. ill. ;
_c23 cm.
500 _aIncludes index.
630 0 0 _aMicrosoft Excel (Computer file)
650 0 _aBusiness
_xComputer programs.
650 0 _aElectronic spreadsheets.
906 _a7
_bcbc
_ccopycat
_d2
_encip
_f19
_gy-gencatlg
942 _2ddc
_cBK
999 _c67897
_d67897